000
002630000a22000970004500
100
1
_a
Bodner, Keith
245
1
0
_a
Eliab and the Deuteronomist
300
_a
Vol. 28, Núm 1 (2003), Páginas 55-71
773
0
_t
Journal for the Study of the Old Testament
942
_c
ANA
999
_c
54944
_d
54944